LIBRARY & INFORMATION CENTRE, KCAET, TAVANUR

ONLINE PUBLIC ACCESS CATALOGUE (OPAC)

Solar photo-volatic technology for rural areas / (Record no. 313)

MARC details
000 -LEADER
fixed length control field 00468cam a2200181ua 4500
003 - CONTROL NUMBER IDENTIFIER
control field OSt
008 - FIXED-LENGTH DATA ELEMENTS--GENERAL INFORMATION
fixed length control field 241101b |||||||| |||| 00| 0 eng d
020 ## - INTERNATIONAL STANDARD BOOK NUMBER
ISBN 04-7092-076
041 ## - LANGUAGE CODE
Language code of text/sound track or separate title eng
082 ## - DEWEY DECIMAL CLASSIFICATION NUMBER
Classification number 621.47
Item number SIN/SO
100 ## - MAIN ENTRY--AUTHOR NAME
Personal name Singhal, O P.
245 ## - TITLE STATEMENT
Title Solar photo-volatic technology for rural areas /
250 ## - EDITION STATEMENT
Edition statement 1 /
260 ## - PUBLICATION, DISTRIBUTION, ETC. (IMPRINT)
Place of publication Allahabad :
Name of publisher Technical Publishers of India ,
Year of publication 1997.
300 ## - PHYSICAL DESCRIPTION
Number of Pages 64 ; .
700 1# - ADDED ENTRY--PERSONAL NAME
Personal name Singh, J K.
942 ## - ADDED ENTRY ELEMENTS (KOHA)
Koha item type Books
Holdings
Withdrawn status Lost status Damaged status Home library Current library Shelving location Date acquired Full call number Accession Number Koha item type
      KAUAET KAUAET Shelf- 7A 07/04/2012 621.47 SIN/SO 19824 Books
free website counter